000 00318nam a2200121Ia 4500
008 190902s9999||||xx |||||||||||||| ||und||
020 _a0-201-59393-9
100 _aMuhammad Hasan Safdar
245 0 _aDecision Making a Multidimensional Process
260 _aIndia
_bThe McGraw-Hill
_c1990
300 _a121
942 _cBK
999 _c2770
_d2770